IMF Economic reviews (Registro nro. 8908)

Detalles MARC
000 -LEADER
fixed length control field 01486nas a2200301 454500
001 - CONTROL NUMBER
control field 43719
005 - DATE AND TIME OF LATEST TRANSACTION
control field 20260407193511.0
008 - FIXED-LENGTH DATA ELEMENTS--GENERAL INFORMATION
fixed length control field 260407s1964####ag###########|||spa#d
003 - CONTROL NUMBER IDENTIFIER
control field AR-UNSa-BCEJYS
040 ## - CATALOGING SOURCE
Original cataloging agency AR-UNSa-BCEJYS
Language of cataloging spa
Transcribing agency AR-UNSa-BCEJYS
080 ## - UNIVERSAL DECIMAL CLASSIFICATION NUMBER
Universal Decimal Classification number 330
Common auxiliary subdivision Economía en general
022 ## - INTERNATIONAL STANDARD SERIAL NUMBER
International Standard Serial Number 1020-6779
041 ## - LANGUAGE CODE
Language code of text/sound track or separate title spa
100 1# - MAIN ENTRY--PERSONAL NAME
Personal name Fondo Monetario Internacional
245 10 - TITLE STATEMENT
Title IMF Economic reviews
Name of part/section of a work press information notices
264 #1 - PRODUCTION, PUBLICATION, DISTRIBUTION, MANUFACTURE, AND COPYRIGHT NOTICE
Place of production, publication, distribution, manufacture Washington :
Name of producer, publisher, distributor, manufacturer Fondo Monetario Internacional
Date of production, publication, distribution, manufacture, or copyright notice 1964
310 ## - CURRENT PUBLICATION FREQUENCY
Current publication frequency Frecuencia: Trimestral
520 ## - SUMMARY, ETC.
Summary, etc. La Revista Económica del FMI (IMFER) es una revista científica revisada por pares publicada por Palgrave Macmillan en nombre del Fondo Monetario Internacional (FMI). La Revista Económica del FMI se centra en la macroeconomía de la economía abierta, pero también ofrece contenido sobre las políticas económicas mundiales, las finanzas internacionales y el comercio internacional. Su frecuencia de publicación actual es de cuatro números por año y su actual editor y co-editor son los economistas Pierre-Olivier Gourinchas y Ayhan Kose.<br/>
590 ## - LOCAL NOTE (RLIN)
Local note niveau_biblio:s niveau_hierar:1
650 ## - SUBJECT ADDED ENTRY--TOPICAL TERM
Topical term or geographic name entry element Política económica
650 ## - SUBJECT ADDED ENTRY--TOPICAL TERM
Topical term or geographic name entry element Investigación económica
650 ## - SUBJECT ADDED ENTRY--TOPICAL TERM
Topical term or geographic name entry element Macroeconomía
650 ## - SUBJECT ADDED ENTRY--TOPICAL TERM
Topical term or geographic name entry element FINANZAS INTERNACIONALES
650 ## - SUBJECT ADDED ENTRY--TOPICAL TERM
Topical term or geographic name entry element ECONOMIA
650 ## - SUBJECT ADDED ENTRY--TOPICAL TERM
Topical term or geographic name entry element ECONOMIA INTERNACIONAL
856 41 - ELECTRONIC LOCATION AND ACCESS
Uniform Resource Identifier <a href="https://biblioeco.unsa.edu.ar/pmb/images/revistas/R21361.jpg">https://biblioeco.unsa.edu.ar/pmb/images/revistas/R21361.jpg</a>
Link text Imagen de portada
Electronic format type image/jpeg
942 ## - ADDED ENTRY ELEMENTS (KOHA)
Koha item type
Existencias
Withdrawn status Lost status Damaged status Not for loan Home library Current library Shelving location Date acquired Serial enumeration / chronology Total checkouts Full call number Barcode Date last seen Price effective from Koha item type
        Biblioteca Prof. Eusebio Cleto del Rey Biblioteca Prof. Eusebio Cleto del Rey   01/09/1999 Nº 3 - sep./dic. 1999   H330 IMF 3.1999 R21363 10/04/2026 10/04/2026 Numero
        Biblioteca Prof. Eusebio Cleto del Rey Biblioteca Prof. Eusebio Cleto del Rey   01/05/1999 Nº 2 - mayo/ago. 1999   H330 IMF 2.1999 R21365 10/04/2026 10/04/2026 Numero
        Biblioteca Prof. Eusebio Cleto del Rey Biblioteca Prof. Eusebio Cleto del Rey   01/01/1999 Nº 1 - ene./abr. 1999   H330 IMF 1.1999 R21364 10/04/2026 10/04/2026 Numero
        Biblioteca Prof. Eusebio Cleto del Rey Biblioteca Prof. Eusebio Cleto del Rey   01/05/1998 Nº 2 - mayo/ago. 1998   H330 IMF 2.1998 R21362 10/04/2026 10/04/2026 Numero
        Biblioteca Prof. Eusebio Cleto del Rey Biblioteca Prof. Eusebio Cleto del Rey   01/01/1998 Nº 1 - ene./abr. 1998   H330 IMF 1.1998 R21361 10/04/2026 10/04/2026 Numero